[Event "1st 4NCL Spring Bank Holiday Congress"]
[Site "Basingstoke"]
[Date "2018.05.28"]
[Round "6"]
[Board "13"]
[White "Zheng, Harry Z"]
[Black "Willmoth, Harrison"]
[Result "1-0"]
[WhiteElo "1502"]
[BlackElo "1754"]
[PlyCount "57"]
[EventDate "2018.05.25"]
[EventRounds "7"]
[EventCountry "ENG"]

1. e4 d6 2. d4 Nf6 3. Nc3 c6 4. f3 Nbd7 5. Be3 e5 6. Qd2 Be7 7. Nge2 b5 8. Ng3
Nb6 9. Be2 Qc7 10. O-O b4 11. Nd1 c5 12. d5 Bd7 13. c3 a5 14. Qc2 Rc8 15. cxb4
axb4 16. f4 Ng4 17. Bxg4 Bxg4 18. f5 Bxd1 19. Qxd1 Ra8 20. Qf3 f6 21. Qh5+ Kd7
22. Qf7 Rag8 23. Nh5 Qa7 24. Bh6 Rf8 25. Qe6+ Kd8 26. Bxg7 Na8 27. Bxf6 Rxf6
28. Nxf6 Qb6 29. Qd7# 1-0

[Event "1st 4NCL Spring Bank Holiday Congress"]
[Site "Basingstoke"]
[Date "2018.05.28"]
[Round "6"]
[Board "14"]
[White "Stoyanov, Boris"]
[Black "Chilton, James I"]
[Result "0-1"]
[WhiteElo "1310"]
[BlackElo "1749"]
[PlyCount "56"]
[EventDate "2018.05.25"]
[EventRounds "7"]
[EventCountry "ENG"]

1. d4 Nf6 2. c4 e6 3. Nc3 Bb4 4. Qc2 d5 5. e3 O-O 6. Bd3 c5 7. a3 dxc4 8. Bxc4
cxd4 9. axb4 dxc3 10. bxc3 Qc7 11. Bd3 Nc6 12. Nf3 h6 13. O-O e5 14. b5 Ne7 15.
c4 Bg4 16. Nd2 Rfd8 17. f3 Be6 18. Nb3 Rd7 19. Rd1 Rad8 20. Ba3 Nf5 21. e4 Ne3
22. Qe2 Nxd1 23. Rxd1 Bxc4 24. Nc5 Bxd3 25. Rxd3 Rxd3 26. Nxd3 Qc3 27. Nxe5
Qxa3 28. Qc4 Qa1+ 0-1

[Event "1st 4NCL Spring Bank Holiday Congress"]
[Site "Basingstoke"]
[Date "2018.05.28"]
[Round "6"]
[Board "15"]
[White "Ruffle, Alan P"]
[Black "Buanne, Luca"]
[Result "1-0"]
[WhiteElo "1474"]
[BlackElo "1422"]
[PlyCount "57"]
[EventDate "2018.05.25"]
[EventRounds "7"]
[EventCountry "ENG"]

1. e4 e6 2. d4 d5 3. Be3 dxe4 4. f3 Nf6 5. Nd2 Nd5 6. Qe2 exf3 7. Ngxf3 Nxe3 8.
Qxe3 Be7 9. Bd3 Nd7 10. O-O-O Nf6 11. Kb1 Nd5 12. Qf2 Bd7 13. Rhf1 O-O 14. c3
a5 15. h4 b5 16. Ne4 b4 17. c4 Nb6 18. Neg5 h6 19. Nh7 Re8 20. Ne5 f5 21. d5
Qc8 22. Nxd7 Nxd7 23. dxe6 Nc5 24. Bxf5 Qa6 25. Bg6 Qxe6 26. Bf7+ Kxh7 27. Bxe6
Nxe6 28. Qf5+ Kh8 29. Qxe6 1-0

[Event "1st 4NCL Spring Bank Holiday Congress"]
[Site "Basingstoke"]
[Date "2018.05.28"]
[Round "6"]
[Board "16"]
[White "O`Gorman, Brian"]
[Black "Norman, Dinah M"]
[Result "0-1"]
[WhiteElo "1537"]
[BlackElo "1697"]
[PlyCount "114"]
[EventDate "2018.05.25"]
[EventRounds "7"]
[EventCountry "ENG"]

1. e4 d5 2. exd5 Qxd5 3. Nc3 Qa5 4. h3 Nf6 5. Nf3 c6 6. Bc4 Bf5 7. O-O e6 8. a3
Be7 9. d3 O-O 10. Bd2 Qd8 11. Nh4 Bg6 12. Nxg6 hxg6 13. Be3 Nbd7 14. b4 Nb6 15.
Bb3 Nbd5 16. Bd2 Bd6 17. Qf3 Be5 18. d4 Bxd4 19. Rad1 Be5 20. Rfe1 Bc7 21. Bg5
Qb8 22. Ne4 Nxe4 23. Rxe4 b5 24. h4 a5 25. h5 axb4 26. axb4 Be5 27. h6 gxh6 28.
Bxh6 Bg7 29. Bxg7 Kxg7 30. Rh4 Rh8 31. Qh3 Rxh4 32. Qxh4 Qe5 33. Bxd5 cxd5 34.
Qe7 Ra1 35. Rxa1 Qxa1+ 36. Kh2 Qc3 37. Qc5 Qxc5 38. bxc5 Kf6 39. Kg3 Ke5 40.
Kf3 d4 41. c6 Kd6 42. c7 Kxc7 43. Ke4 Kd6 44. Kxd4 f6 45. c4 bxc4 46. Kxc4 Ke5
47. Kd3 Kf4 48. Kd4 e5+ 49. Kd3 e4+ 50. Ke2 f5 51. g3+ Kg4 52. Ke3 g5 53. Ke2
f4 54. gxf4 gxf4 55. Ke1 Kf3 56. Kf1 e3 57. Ke1 e2 0-1

[Event "1st 4NCL Spring Bank Holiday Congress"]
[Site "Basingstoke"]
[Date "2018.05.28"]
[Round "6"]
[Board "17"]
[White "Zhu, Hou Ning"]
[Black "Sandercock, E Barry"]
[Result "1-0"]
[WhiteElo "1309"]
[BlackElo "1679"]
[PlyCount "121"]
[EventDate "2018.05.25"]
[EventRounds "7"]
[EventCountry "ENG"]

1. e4 c5 2. Nf3 g6 3. d4 cxd4 4. Nxd4 Bg7 5. Nc3 d6 6. Be3 Nf6 7. f3 a6 8. Be2
Nc6 9. Nb3 O-O 10. Qd2 Re8 11. g4 b5 12. Bh6 Bh8 13. h4 Nd7 14. h5 Nde5 15.
hxg6 Nxg6 16. O-O-O Nb4 17. a3 Bxc3 18. bxc3 Nc6 19. f4 Bb7 20. f5 Nce5 21.
fxg6 Nxg6 22. Bd3 Qc7 23. Nd4 Rac8 24. Kb2 Ne5 25. Bg7 Qxc3+ 26. Qxc3 Rxc3 27.
Kxc3 Kxg7 28. Nf5+ Kg8 29. Rh4 d5 30. exd5 Rc8+ 31. Kb2 Ng6 32. Rh5 Bxd5 33.
Nh6+ Kg7 34. Rxd5 Kxh6 35. Rh1+ Kg7 36. Rdh5 Nf8 37. Bxh7 Rc4 38. Bd3 Rxg4 39.
R1h4 Rg1 40. Be2 Re1 41. Rg4+ Kf6 42. Bd3 e6 43. Re4 Rg1 44. Rc5 Nd7 45. Rc6 a5
46. Bxb5 Rg8 47. Rc7 Nb6 48. Rf4+ Ke5 49. Rfxf7 Rb8 50. Rb7 Rxb7 51. Rxb7 Nd5
52. Bc6 Ne3 53. Rb5+ Kf4 54. Kc3 e5 55. Rxa5 Nd1+ 56. Kd2 Nb2 57. Rb5 Nc4+ 58.
Kc3 Nd6 59. a4 Nxb5+ 60. axb5 e4 61. Bxe4 1-0

[Event "1st 4NCL Spring Bank Holiday Congress"]
[Site "Basingstoke"]
[Date "2018.05.28"]
[Round "6"]
[Board "18"]
[White "Kirby, Andrew"]
[Black "Chen, Daniel Xingyu"]
[Result "1/2-1/2"]
[WhiteElo "1424"]
[BlackElo "1592"]
[PlyCount "49"]
[EventDate "2018.05.25"]
[EventRounds "7"]
[EventCountry "ENG"]

1. c4 c6 2. Nf3 e6 3. e3 d5 4. d4 Nf6 5. Nc3 Nbd7 6. Bd3 Bd6 7. O-O O-O 8. Qc2
dxc4 9. Bxc4 e5 10. dxe5 Nxe5 11. Nxe5 Bxe5 12. Rd1 Qc7 13. h3 b5 14. Bd3 Be6
15. Ne4 Nxe4 16. Bxe4 f5 17. Qxc6 Qxc6 18. Bxc6 Rad8 19. Rxd8 Rxd8 20. f4 Rd1+
21. Kf2 Bf6 22. Ke2 Rg1 23. Kf2 Rd1 24. Ke2 Rg1 25. Kf2 1/2-1/2

[Event "1st 4NCL Spring Bank Holiday Congress"]
[Site "Basingstoke"]
[Date "2018.05.28"]
[Round "6"]
[Board "19"]
[White "Mendis, Vidura"]
[Black "Sartain, Patrick P"]
[Result "0-1"]
[WhiteElo "1562"]
[BlackElo "1541"]
[PlyCount "96"]
[EventDate "2018.05.25"]
[EventRounds "7"]
[EventCountry "ENG"]

1. e4 Nc6 2. d4 e6 3. Nf3 g6 4. d5 Nce7 5. Qd4 f6 6. Bd3 d6 7. O-O e5 8. Qb4 a6
9. c4 c5 10. Qe1 h5 11. h4 Nh6 12. Nh2 Ng4 13. f3 Nxh2 14. Kxh2 Rg8 15. b3 g5
16. Bb2 Ng6 17. hxg5 fxg5 18. Kg1 Nf4 19. Be2 h4 20. Kf2 h3 21. gxh3 Qd7 22.
Qd1 Qxh3 23. Ke1 g4 24. fxg4 Bxg4 25. Bxg4 Ng2+ 26. Kd2 Bh6+ 27. Kc2 Ne3+ 28.
Kc1 Nxd1+ 29. Nd2 Qxf1 30. Kc2 Ne3+ 31. Kc3 Qxa1 32. Bh5+ Ke7 33. Bxa1 Rg5 34.
Be2 Rg2 35. Kd3 Rf8 36. Bf3 Rg3 37. Be2 Nf1+ 38. Kc2 Nxd2 39. a3 Nxe4 40. b4 b6
41. bxc5 bxc5 42. a4 Ra3 43. Bb2 Rxa4 44. Bd3 Rf2+ 45. Kb1 Nd2+ 46. Kc2 Nxc4+
47. Kc3 Nxb2 48. Bb5 Ra3# 0-1

[Event "1st 4NCL Spring Bank Holiday Congress"]
[Site "Basingstoke"]
[Date "2018.05.28"]
[Round "6"]
[Board "20"]
[White "Cole, David M"]
[Black "Robinson, Brian"]
[Result "1-0"]
[WhiteElo "1286"]
[BlackElo "1590"]
[PlyCount "89"]
[EventDate "2018.05.25"]
[EventRounds "7"]
[EventCountry "ENG"]

1. d4 Nf6 2. c4 e6 3. Nf3 d5 4. Nc3 c6 5. Bg5 Be7 6. e3 Nbd7 7. Bd3 dxc4 8.
Bxc4 b5 9. Bd3 a6 10. O-O O-O 11. Qc2 Re8 12. Ne4 Nd5 13. Bxe7 Qxe7 14. Qxc6
N7b6 15. Qd6 Bb7 16. Qxe7 Rxe7 17. Nc5 Nb4 18. Be4 Bxe4 19. Nxe4 Rc7 20. Nc5 a5
21. a3 N4d5 22. Rfc1 Rac8 23. Rc2 a4 24. Ne5 Kf8 25. Ncd7+ Ke7 26. Rxc7 Rxc7
27. Nc5 f6 28. Ned3 Nc4 29. Rc1 Ndb6 30. g3 Na5 31. Kg2 Nbc4 32. h4 f5 33. Kf3
Kd6 34. Kf4 Re7 35. e4 e5+ 36. dxe5+ Nxe5 37. exf5 Nxd3+ 38. Nxd3 Re2 39. Re1
Rxe1 40. Nxe1 Nc4 41. Nd3 Kd5 42. h5 Kd4 43. h6 gxh6 44. f6 Ne5 45. Nxe5 1-0

[Event "1st 4NCL Spring Bank Holiday Congress"]
[Site "Basingstoke"]
[Date "2018.05.28"]
[Round "6"]
[Board "21"]
[White "Dupuis, Denis K"]
[Black "Kammin, Sam"]
[Result "1-0"]
[WhiteElo "1400"]
[BlackElo "1592"]
[PlyCount "69"]
[EventDate "2018.05.25"]
[EventRounds "7"]
[EventCountry "ENG"]

1. e4 c6 2. d4 d5 3. exd5 cxd5 4. c4 Nf6 5. Nc3 Nc6 6. Nf3 e6 7. Bd3 Be7 8. O-O
Nb4 9. c5 Nxd3 10. Qxd3 O-O 11. Ne5 Nd7 12. f4 f6 13. Nf3 Qe8 14. Bd2 a6 15.
Rae1 Qh5 16. f5 Nb8 17. Re2 Nc6 18. fxe6 Re8 19. Rfe1 Bd8 20. Bf4 g5 21. Bd6 g4
22. Nd2 Be7 23. Nf1 Qg5 24. Ng3 h5 25. Nf5 Bxd6 26. cxd6 Nb4 27. Qb1 Bxe6 28.
Rxe6 Rxe6 29. Rxe6 Rc8 30. d7 Rf8 31. Re8 Nc6 32. Ne7+ Kg7 33. Nxc6 g3 34. d8=Q
gxh2+ 35. Kh1 1-0

[Event "1st 4NCL Spring Bank Holiday Congress"]
[Site "Basingstoke"]
[Date "2018.05.28"]
[Round "6"]
[Board "22"]
[White "Sreeram, Yashasvini"]
[Black "Hatzipanteli, Theodora"]
[Result "0-1"]
[WhiteElo "1435"]
[BlackElo "1521"]
[PlyCount "66"]
[EventDate "2018.05.25"]
[EventRounds "7"]
[EventCountry "ENG"]

1. e4 d5 2. exd5 Nf6 3. d6 Qxd6 4. Nc3 Nc6 5. Nf3 Bg4 6. Be2 e5 7. d3 a6 8. Bg5
Be7 9. Bxf6 Bxf6 10. Ne4 Qd8 11. Nxf6+ Qxf6 12. O-O O-O-O 13. Nd2 Bxe2 14. Qxe2
Nd4 15. Qg4+ Kb8 16. Rac1 h5 17. Qe4 g5 18. Rfe1 Rhe8 19. Nb3 Nc6 20. Re3 Qf4
21. Rce1 f6 22. Qxf4 gxf4 23. R3e2 Rg8 24. g3 h4 25. Kg2 Rg6 26. Kh3 hxg3 27.
fxg3 f5 28. Kg2 fxg3 29. Kf3 gxh2 30. Rxh2 Rdg8 31. Ree2 Kc8 32. Rhg2 e4+ 33.
dxe4 fxe4+ 0-1

[Event "1st 4NCL Spring Bank Holiday Congress"]
[Site "Basingstoke"]
[Date "2018.05.28"]
[Round "6"]
[Board "23"]
[White "Zhu, Feng"]
[Black "Hammond, Benjamin"]
[Result "0-1"]
[WhiteElo "1457"]
[BlackElo "1483"]
[PlyCount "104"]
[EventDate "2018.05.25"]
[EventRounds "7"]
[EventCountry "ENG"]

1. e4 e5 2. Nf3 Nc6 3. d4 exd4 4. Bc4 Bc5 5. c3 dxc3 6. Bxf7+ Kxf7 7. Qd5+ Ke8
8. Qxc5 d6 9. Qc4 Nf6 10. Nxc3 Qe7 11. O-O Be6 12. Qe2 Rd8 13. Qb5 Bd7 14. Qxb7
Rb8 15. Qxc7 Kf7 16. Bf4 Ne8 17. Ng5+ Kg6 18. Nd5 Nxc7 19. Nxe7+ Nxe7 20. h4
Ne8 21. Rfd1 Rb6 22. Rd2 Rf8 23. Be3 Rb7 24. Rad1 h6 25. Nf3 Bg4 26. Rxd6+ Nxd6
27. Rxd6+ Kh7 28. Ne5 Bc8 29. b3 Rf6 30. Rd4 Nc6 31. Nxc6 Rxc6 32. Rd2 Be6 33.
Kh2 Rd7 34. Rxd7 Bxd7 35. Bxa7 Ra6 36. Bc5 Rxa2 37. b4 Kg6 38. Kg3 Kh5 39. Be7
Bc6 40. f3 Rb2 41. Kh3 Rb3 42. g4+ Kg6 43. Kg2 Kf7 44. Bc5 g6 45. g5 h5 46. Kf2
Ke6 47. Kg2 Ke5 48. Kf2 Bxe4 49. fxe4 Kxe4 50. Kg2 Kf4 51. b5 Rxb5 52. Bf2 Rb2
 0-1

[Event "1st 4NCL Spring Bank Holiday Congress"]
[Site "Basingstoke"]
[Date "2018.05.28"]
[Round "7"]
[Board "1"]
[White "O'Gorman, Brendan"]
[Black "Neatherway, A Philip"]
[Result "1/2-1/2"]
[WhiteElo "1698"]
[BlackElo "1810"]
[PlyCount "33"]
[EventDate "2018.05.25"]
[EventRounds "7"]
[EventCountry "ENG"]

1. Nf3 d5 2. c4 e6 3. g3 Nf6 4. Bg2 c5 5. cxd5 exd5 6. d4 Nc6 7. O-O Be7 8. Nc3
O-O 9. dxc5 Bxc5 10. Na4 Be7 11. Be3 Ne4 12. Rc1 Qa5 13. a3 Be6 14. Nd4 Nxd4
15. Bxd4 Rac8 16. Nc3 Nf6 17. Qd3 1/2-1/2

[Event "1st 4NCL Spring Bank Holiday Congress"]
[Site "Basingstoke"]
[Date "2018.05.28"]
[Round "7"]
[Board "2"]
[White "Tivillier, Jacques"]
[Black "Henley, Robert"]
[Result "1-0"]
[WhiteElo "1771"]
[BlackElo "1765"]
[PlyCount "47"]
[EventDate "2018.05.25"]
[EventRounds "7"]
[EventCountry "ENG"]

1. e4 e6 2. d4 d5 3. e5 c5 4. c3 Nc6 5. Nf3 Bd7 6. Bd3 Qb6 7. O-O cxd4 8. cxd4
Nxd4 9. Nbd2 Nc6 10. Nb3 Rc8 11. Be3 Qc7 12. Rc1 Qb8 13. Re1 f6 14. exf6 Nxf6
15. Nc5 Bd6 16. h3 b6 17. Nxd7 Kxd7 18. Bb5 Bc5 19. Qa4 a5 20. Bxc5 bxc5 21.
Rxc5 Qb6 22. Ne5+ Kd6 23. Rxc6+ Rxc6 24. Nxc6 1-0

[Event "1st 4NCL Spring Bank Holiday Congress"]
[Site "Basingstoke"]
[Date "2018.05.28"]
[Round "7"]
[Board "3"]
[White "Bovtramovics, Vladimirs"]
[Black "Hibbitt, Arthur M"]
[Result "1-0"]
[WhiteElo "1822"]
[BlackElo "1781"]
[PlyCount "75"]
[EventDate "2018.05.25"]
[EventRounds "7"]
[EventCountry "ENG"]

1. e4 c5 2. Nf3 g6 3. c4 Bg7 4. d4 cxd4 5. Nxd4 Nc6 6. Be3 d6 7. Nc3 Nf6 8. Be2
Bd7 9. O-O O-O 10. Rc1 Nxd4 11. Bxd4 Bc6 12. f3 a6 13. b4 b5 14. a4 bxc4 15.
Bxc4 Nd7 16. Bxg7 Kxg7 17. b5 axb5 18. axb5 Bb7 19. Qd2 Kg8 20. f4 Qa5 21. Qe2
Rfc8 22. Nd5 Qd8 23. f5 Nb6 24. fxg6 hxg6 25. Qf2 Bxd5 26. Bxd5 Nxd5 27. Qxf7+
Kh8 28. Rxc8 Rxc8 29. exd5 Qb6+ 30. Kh1 Qxb5 31. h3 Qe8 32. Qe6 Kg7 33. Rf3 Rc5
34. Kh2 Rc7 35. h4 Qg8 36. Qe4 Kh7 37. h5 Qg7 38. Rg3 1-0

[Event "1st 4NCL Spring Bank Holiday Congress"]
[Site "Basingstoke"]
[Date "2018.05.28"]
[Round "7"]
[Board "4"]
[White "Procter, Colin S"]
[Black "Homer, Neil S"]
[Result "1/2-1/2"]
[WhiteElo "1784"]
[BlackElo "1750"]
[PlyCount "69"]
[EventDate "2018.05.25"]
[EventRounds "7"]
[EventCountry "ENG"]

1. d4 d5 2. Bf4 c5 3. e3 Bf5 4. Bd3 e6 5. Bxf5 exf5 6. c3 Nf6 7. Nd2 Nc6 8.
Ngf3 cxd4 9. Nxd4 Nxd4 10. exd4 Be7 11. O-O O-O 12. Re1 Bd6 13. Bxd6 Qxd6 14.
Qb3 Ne4 15. Nf1 b6 16. f3 Nf6 17. Re5 Rfe8 18. Rae1 Re6 19. Qa4 g6 20. Ng3 Nd7
21. Rxe6 fxe6 22. Nh1 a6 23. Nf2 b5 24. Qd1 e5 25. dxe5 Nxe5 26. Nd3 Nxd3 27.
Qxd3 Qc5+ 28. Kf1 Qc4 29. Qxc4 dxc4 30. Re7 Rd8 31. Ke2 Rd6 32. g3 h5 33. f4
Kf8 34. Rb7 Re6+ 35. Kf2 1/2-1/2

[Event "1st 4NCL Spring Bank Holiday Congress"]
[Site "Basingstoke"]
[Date "2018.05.28"]
[Round "7"]
[Board "5"]
[White "Maladkar, Lavanya"]
[Black "Piecha, Lukasz Marek"]
[Result "1-0"]
[WhiteElo "1562"]
[BlackElo "1774"]
[PlyCount "63"]
[EventDate "2018.05.25"]
[EventRounds "7"]
[EventCountry "ENG"]

1. d4 d5 2. c4 e6 3. Nf3 c6 4. e3 Nf6 5. Nc3 Nbd7 6. Be2 Bd6 7. O-O O-O 8. c5
Bc7 9. Rb1 e5 10. b4 e4 11. Nd2 h6 12. f3 exf3 13. Nxf3 Re8 14. Bd3 Ne4 15. Qc2
Ndf6 16. Bd2 Bg4 17. Rbe1 Bxf3 18. gxf3 Bxh2+ 19. Kxh2 Ng4+ 20. fxg4 Qh4+ 21.
Kg2 Qxg4+ 22. Kh2 Qg3+ 23. Kh1 Qh3+ 24. Kg1 Qg4+ 25. Kh2 Ng3 26. Rf4 Qg5 27.
Rg1 Rxe3 28. Bxe3 Re8 29. Rxg3 Qh5+ 30. Rh3 Qg5 31. Rff3 Qe7 32. Qg2 1-0

[Event "1st 4NCL Spring Bank Holiday Congress"]
[Site "Basingstoke"]
[Date "2018.05.28"]
[Round "7"]
[Board "6"]
[White "Doherty, Paul D"]
[Black "Radford, Mark SR"]
[Result "0-1"]
[WhiteElo "1674"]
[BlackElo "1616"]
[PlyCount "61"]
[EventDate "2018.05.25"]
[EventRounds "7"]
[EventCountry "ENG"]

1. e4 e6 2. a3 d5 3. e5 c5 4. b4 c4 5. d3 cxd3 6. Bxd3 Bd7 7. f4 Nc6 8. Nf3 Rc8
9. O-O g6 10. Bd2 Bg7 11. Nc3 Nge7 12. Nb5 O-O 13. Kh1 a6 14. Nbd4 Nf5 15. Nxf5
gxf5 16. Qe1 f6 17. Be3 fxe5 18. fxe5 Nxe5 19. Qg3 Ng6 20. Rad1 f4 21. Qh3 fxe3
22. Ne5 Rxf1+ 23. Rxf1 Bxe5 24. Qxe3 d4 25. Qe2 Qh4 26. g3 Bc6+ 27. Kg1 Qg5 28.
Bc4 Bd5 29. Bxd5 exd5 30. Qf3 Qe3+ 31. Qxe3 0-1

[Event "1st 4NCL Spring Bank Holiday Congress"]
[Site "Basingstoke"]
[Date "2018.05.28"]
[Round "7"]
[Board "7"]
[White "Tomy, Jeff"]
[Black "Brown, Geoffrey D"]
[Result "1-0"]
[WhiteElo "1536"]
[BlackElo "1547"]
[PlyCount "63"]
[EventDate "2018.05.25"]
[EventRounds "7"]
[EventCountry "ENG"]

1. d4 e6 2. Nf3 f5 3. d5 d6 4. dxe6 Bxe6 5. Bf4 Nc6 6. e3 h6 7. Bb5 Nge7 8. O-O
g5 9. Bg3 Bg7 10. Nd4 Bd7 11. Qh5+ Kf8 12. Bxc6 Nxc6 13. c3 Qe8 14. Qxe8+ Rxe8
15. Nb5 Ne5 16. Nxc7 Rc8 17. Nd5 Bc6 18. Nb4 h5 19. f4 Nc4 20. fxg5 Be4 21. Bf4
a5 22. b3 Ne5 23. Nd2 axb4 24. Nxe4 Ke7 25. Ng3 Rcf8 26. Rac1 bxc3 27. Bxe5
Bxe5 28. Nxf5+ Kd7 29. Nd4 h4 30. Rxf8 Rxf8 31. Rxc3 Rg8 32. Rc4 1-0

[Event "1st 4NCL Spring Bank Holiday Congress"]
[Site "Basingstoke"]
[Date "2018.05.28"]
[Round "7"]
[Board "8"]
[White "O'Brien, Paul W"]
[Black "Goodfellow, Russell R"]
[Result "0-1"]
[WhiteElo "1442"]
[BlackElo "1774"]
[PlyCount "50"]
[EventDate "2018.05.25"]
[EventRounds "7"]
[EventCountry "ENG"]

1. e4 c5 2. Nf3 e6 3. d4 cxd4 4. Nxd4 Nf6 5. Bd3 a6 6. O-O d6 7. Bg5 Nbd7 8.
Nc3 h6 9. Bh4 g5 10. Bg3 Rg8 11. Qe2 Qc7 12. a4 b6 13. f4 gxf4 14. Bh4 Qc5 15.
Bf2 Qg5 16. Qf3 Ne5 17. Qh3 Nxd3 18. cxd3 Ng4 19. Nf3 Nxf2 20. Rxf2 Qg4 21.
Qxg4 Rxg4 22. e5 Bb7 23. exd6 Bxd6 24. Re1 O-O-O 25. Kf1 Bc5 0-1

[Event "1st 4NCL Spring Bank Holiday Congress"]
[Site "Basingstoke"]
[Date "2018.05.28"]
[Round "7"]
[Board "9"]
[White "Winter, Kevin"]
[Black "Zheng, Harry Z"]
[Result "1-0"]
[WhiteElo "1755"]
[BlackElo "1502"]
[PlyCount "119"]
[EventDate "2018.05.25"]
[EventRounds "7"]
[EventCountry "ENG"]

1. e4 e5 2. Nf3 Nc6 3. Bc4 Bc5 4. c3 Nf6 5. d3 d6 6. Bb3 Bg4 7. h3 Bxf3 8. Qxf3
O-O 9. Nd2 Qd7 10. Nf1 Rad8 11. Bg5 Qe7 12. Ng3 h6 13. Nf5 Qd7 14. Bxf6 Kh7 15.
Bxd8 Qxd8 16. Ba4 Ne7 17. Nxe7 Qxe7 18. O-O Bb6 19. Rad1 c6 20. Bb3 c5 21. Bd5
Ba5 22. Qg3 b5 23. f4 Bb6 24. Kh1 exf4 25. Qxf4 Qe5 26. Qxe5 dxe5 27. Bxf7 a5
28. Bd5 Rd8 29. Rf5 Bc7 30. Rdf1 Bd6 31. h4 b4 32. cxb4 cxb4 33. Rc1 a4 34. h5
a3 35. bxa3 bxa3 36. Rf7 Rb8 37. Bb3 Rd8 38. Rf3 Bb8 39. Rc5 Bd6 40. Rd5 Kh8
41. Rf7 Kh7 42. Rb7 Kh8 43. Ra7 Kh7 44. Ra6 Bc7 45. Rxa3 Rxd5 46. exd5 Bd6 47.
Ra6 Bc7 48. Bc2 e4 49. d4 Kg8 50. Bxe4 Kf8 51. d6 Bxd6 52. Rxd6 Ke7 53. Rc6 Kf7
54. a4 g5 55. a5 g4 56. a6 g3 57. a7 Kg7 58. a8=R Kf7 59. Ra7+ Ke8 60. Rc8# 1-0

[Event "1st 4NCL Spring Bank Holiday Congress"]
[Site "Basingstoke"]
[Date "2018.05.28"]
[Round "7"]
[Board "10"]
[White "Chilton, James I"]
[Black "Usharovsky, Ron"]
[Result "1-0"]
[WhiteElo "1749"]
[BlackElo "1519"]
[PlyCount "75"]
[EventDate "2018.05.25"]
[EventRounds "7"]
[EventCountry "ENG"]

1. d4 d5 2. c4 c6 3. e3 e6 4. Nf3 Nf6 5. Nc3 Bd6 6. Bd3 Nbd7 7. O-O dxc4 8.
Bxc4 Nb6 9. Bd3 Qc7 10. e4 e5 11. h3 Be6 12. a4 Rd8 13. Kh1 h6 14. a5 Nc8 15.
d5 cxd5 16. exd5 Bd7 17. Re1 O-O 18. Bd2 Ne7 19. Rc1 Qxa5 20. Ne4 Nxe4 21. Bxa5
Nxf2+ 22. Kg1 Nxd1 23. Bxd8 Nxb2 24. Bxe7 Bxe7 25. Nxe5 Nxd3 26. Nxd3 Bg5 27.
Rc7 Bb5 28. Nf2 Ba6 29. g3 Rd8 30. h4 Bf6 31. Rd1 Be5 32. d6 Bxg3 33. Ne4 Bxh4
34. d7 Kf8 35. Nd6 Be7 36. Rc8 b6 37. Rxd8+ Bxd8 38. Re1 1-0

[Event "1st 4NCL Spring Bank Holiday Congress"]
[Site "Basingstoke"]
[Date "2018.05.28"]
[Round "7"]
[Board "11"]
[White "Sartain, Patrick P"]
[Black "Stephens, Robert W"]
[Result "1-0"]
[WhiteElo "1541"]
[BlackElo "1802"]
[PlyCount "113"]
[EventDate "2018.05.25"]
[EventRounds "7"]
[EventCountry "ENG"]

1. e4 g6 2. d4 Bg7 3. c3 d6 4. Nf3 Nf6 5. Nbd2 O-O 6. Be2 Nc6 7. h4 h5 8. Ng5
e5 9. d5 Ne7 10. f3 Nh7 11. Nf1 Nxg5 12. Bxg5 f6 13. Be3 Kf7 14. g4 Rh8 15.
gxh5 Rxh5 16. f4 Rh8 17. h5 exf4 18. Bxf4 g5 19. Be3 Bd7 20. Qd2 Qc8 21. Rg1
Bh6 22. O-O-O Rg8 23. Nh2 Rg7 24. Rdf1 Ng8 25. Bxg5 Bxg5 26. Rxg5 Rxg5 27. Qxg5
Qf8 28. Bg4 Bxg4 29. Nxg4 Qg7 30. Qf5 Re8 31. h6 Nxh6 32. Qxf6+ Qxf6 33. Rxf6+
Kg7 34. Rxh6 Rxe4 35. Re6 Rxg4 36. Re7+ Kf6 37. Rxc7 Ke5 38. Rxb7 Kxd5 39. Rxa7
Rg2 40. Ra4 Kc5 41. Rd4 Rh2 42. a4 Rg2 43. Rd2 Rg4 44. b4+ Kc6 45. Kc2 d5 46.
Kb3 Rg3 47. a5 Rg5 48. Ka4 Rg1 49. Ra2 Rb1 50. Rf2 Ra1+ 51. Kb3 Rb1+ 52. Kc2
Rg1 53. Rf6+ Kb5 54. Rb6+ Kc4 55. Rc6+ Kb5 56. Rc5+ Ka4 57. Rxd5 1-0

[Event "1st 4NCL Spring Bank Holiday Congress"]
[Site "Basingstoke"]
[Date "2018.05.28"]
[Round "7"]
[Board "12"]
[White "Redmond, Michael F"]
[Black "Cole, David M"]
[Result "1/2-1/2"]
[WhiteElo "1787"]
[BlackElo "1286"]
[PlyCount "56"]
[EventDate "2018.05.25"]
[EventRounds "7"]
[EventCountry "ENG"]

1. Nf3 d5 2. g3 Nf6 3. Bg2 g6 4. O-O Bg7 5. d3 O-O 6. Nbd2 Re8 7. c3 c6 8. Re1
e5 9. e4 Nbd7 10. Nf1 Nb6 11. Qe2 Qc7 12. b3 Bg4 13. h3 Be6 14. Ng5 Bd7 15. a4
a5 16. Bb2 h6 17. Nf3 Rad8 18. N1d2 Qc8 19. Kh2 Be6 20. b4 Qc7 21. d4 dxe4 22.
Nxe5 axb4 23. cxb4 Bd5 24. a5 Nbd7 25. Ndc4 Nxe5 26. Nxe5 Nd7 27. Nc4 Kh7 28.
Ne3 Nf8 1/2-1/2

[Event "1st 4NCL Spring Bank Holiday Congress"]
[Site "Basingstoke"]
[Date "2018.05.28"]
[Round "7"]
[Board "13"]
[White "Mellor, Jessica"]
[Black "Towers, Brian"]
[Result "0-1"]
[WhiteElo "1457"]
[BlackElo "1780"]
[PlyCount "118"]
[EventDate "2018.05.25"]
[EventRounds "7"]
[EventCountry "ENG"]

1. e4 d6 2. d4 Nf6 3. Nc3 Nbd7 4. Nf3 e5 5. Bc4 Be7 6. h3 c6 7. a3 b5 8. Bd3 a6
9. Be3 Qc7 10. dxe5 dxe5 11. Qd2 Bb7 12. b4 c5 13. bxc5 Bxc5 14. Bg5 h6 15.
Bxf6 Nxf6 16. O-O O-O 17. Rfe1 Rad8 18. Nd5 Nxd5 19. exd5 Bxd5 20. Qe2 Rfe8 21.
Nd2 Bd4 22. Rad1 Bc3 23. f3 Qb6+ 24. Kh1 Qf6 25. Qe3 Bd4 26. Qe2 Qf4 27. Ne4
Qh4 28. Kh2 f5 29. Ng3 g6 30. c4 e4 31. cxd5 Be5 32. Qf2 exd3 33. f4 Bxf4 34.
Rxe8+ Rxe8 35. Rxd3 Bxg3+ 36. Qxg3 Qxg3+ 37. Kxg3 Kf7 38. Kf4 Re4+ 39. Kf3 Ke7
40. Rc3 Rc4 41. Rxc4 bxc4 42. Ke3 Kd6 43. Kd4 c3 44. Kxc3 Kxd5 45. Kb4 Kc6 46.
Ka5 Kb7 47. Kb4 Kc6 48. Ka5 Kb7 49. Kb4 Kb6 50. a4 a5+ 51. Kc4 Kc6 52. Kd4 Kd6
53. Kc4 f4 54. Kb5 g5 55. Kxa5 Kc5 56. Ka6 Kc6 57. Ka5 h5 58. Kb4 g4 59. Kc3 f3
 0-1

[Event "1st 4NCL Spring Bank Holiday Congress"]
[Site "Basingstoke"]
[Date "2018.05.28"]
[Round "7"]
[Board "14"]
[White "Norman, Dinah M"]
[Black "Ratnesan, Radha"]
[Result "1/2-1/2"]
[WhiteElo "1697"]
[BlackElo "1222"]
[PlyCount "63"]
[EventDate "2018.05.25"]
[EventRounds "7"]
[EventCountry "ENG"]

1. d4 Nf6 2. Nf3 e6 3. Bg5 b6 4. e4 Be7 5. e5 Nd5 6. Bxe7 Nxe7 7. Bd3 Bb7 8.
Nbd2 d5 9. c3 Nd7 10. Qe2 c5 11. a3 c4 12. Bc2 b5 13. O-O O-O 14. Ng5 h6 15.
Qh5 Nf5 16. Nh3 Qh4 17. Qxh4 Nxh4 18. f4 Nf5 19. Kf2 f6 20. Ke2 Nh4 21. g3 Nf5
22. Ng1 fxe5 23. fxe5 Rf7 24. Ngf3 Raf8 25. a4 bxa4 26. Rxa4 a6 27. Ra5 Nb8 28.
Raa1 Nc6 29. g4 Nfe7 30. Nh4 g5 31. Rxf7 Rxf7 32. Nhf3 1/2-1/2